World Cities by Airport Code - #2 - Statistics

General Stats
  • This quiz has been taken 38 times
  • The average score is 12 of 15
Answer Stats
Hint Answer % Correct
MEX Mexico City
100%
AMS Amsterdam
97%
ATL Atlanta
97%
HKG Hong Kong
97%
ATH Athens
94%
DUB Dublin
92%
CAI Cairo
89%
DOH Doha
89%
TLV Tel Aviv
86%
PEK Beijing
83%
BOM Mumbai
83%
ORD Chicago
67%
YYZ Toronto
64%
MXP Milan
50%
ICN Seoul
42%
No matching quizzes found
Score Distribution
Percent of People with Each Score
Percentile by Number Answered
Your Score History
You have not taken this quiz